BIBLIOTECA “JULIO CORTÁZAR”
ESCUELA AGROTÉCNICA “LIBERTADOR GENERAL SAN MARTÍN” - UNR – CASILDA

Logo Escuela Logo UNR

Producción comercial de Fresas y Espárragos / (Record no. 480)

MARC details
000 -LEADER
campo de control de longitud fija 00887nam#a22003375a#4500
001 - NÚMERO DE CONTROL
campo de control 480
008 - DATOS DE LONGITUD FIJA--INFORMACIÓN GENERAL
campo de control de longitud fija 061201s1964####ag#a###f|f###f001#0#spa#|
080 ## - NÚMERO DE LA CLASIFICACIÓN DECIMAL UNIVERSAL
Número de la Clasificación Decimal Universal 634.75:635.31
084 ## - OTRO NÚMERO DE CLASIFICACIÓN
Número de clasificación M77
040 ## - FUENTE DE CATALOGACIÓN
Centro catalogador/agencia de origen AR-ClEAG
Centro/agencia transcriptor AR-ClEAG
005 - FECHA Y HORA DE LA ÚLTIMA TRANSACCIÓN
campo de control 20241107184637.0
003 - IDENTIFICADOR DE NÚMERO DE CONTROL
campo de control AR-ClEAG
100 1# - ENTRADA PRINCIPAL--NOMBRE DE PERSONA
Nombre de persona Montgomery, H. B. S.
245 10 - MENCIÓN DEL TÍTULO
Título Producción comercial de Fresas y Espárragos /
Mención de responsabilidad, etc. H. B. S. Montgomery, Secrett, F. A.
250 ## - MENCION DE EDICION
Mención de edición 1ª ed.
260 ## - PUBLICACIÓN, DISTRIBUCIÓN, ETC.
Lugar de publicación, distribución, etc. Zaragoza :
Nombre del editor, distribuidor, etc. Acribia,
Fecha de publicación, distribución, etc. 1964.
300 ## - DESCRIPCIÓN FÍSICA
Extensión 151 p. ;
Dimensiones 19 cm.
653 ## - TÉRMINO DE INDIZACIÓN--NO CONTROLADO
Término no controlado Clima
653 ## - TÉRMINO DE INDIZACIÓN--NO CONTROLADO
Término no controlado Ubicación
653 ## - TÉRMINO DE INDIZACIÓN--NO CONTROLADO
Término no controlado Suelo
653 ## - TÉRMINO DE INDIZACIÓN--NO CONTROLADO
Término no controlado Variedades
653 ## - TÉRMINO DE INDIZACIÓN--NO CONTROLADO
Término no controlado Producción de planteros sanos
653 ## - TÉRMINO DE INDIZACIÓN--NO CONTROLADO
Término no controlado Plagas
653 ## - TÉRMINO DE INDIZACIÓN--NO CONTROLADO
Término no controlado Enfermedades
653 ## - TÉRMINO DE INDIZACIÓN--NO CONTROLADO
Término no controlado Producción fuera de temporada
653 ## - TÉRMINO DE INDIZACIÓN--NO CONTROLADO
Término no controlado Recolección y venta
653 ## - TÉRMINO DE INDIZACIÓN--NO CONTROLADO
Término no controlado Faenas habituales
653 ## - TÉRMINO DE INDIZACIÓN--NO CONTROLADO
Término no controlado Aplicación
700 1# - ENTRADA AGREGADA--NOMBRE PERSONAL
Nombre de persona Secrett, F. A.
942 ## - ELEMENTOS DE ENTRADA SECUNDARIOS (KOHA)
Tipo de ítem Koha Libros
980 ## - EQUIVALENCIA O REFERENCIA-CRUZADA-MENCIÓN DE SERIE--NOMBRE DE PERSONA/TÍTULO [LOCAL, CANADÁ]
Enlace 2
Nombre de persona Evangelina Gallicchio
Enlace entre campo y número de secuencia 2
Información miscelánea Evangelina Gallicchio
Holdings
Estatus retirado Estado de pérdida Fuente del sistema de clasificación o colocación Estado de daño No para préstamo Biblioteca de origen Biblioteca actual Ubicación en estantería Fecha de adquisición Número de inventario Total de préstamos Signatura topográfica completa Código de barras Visto por última vez Precio de reemplazo Tipo de ítem Koha
    Clasificación decimal universal     Julio Cortázar Julio Cortázar   07/11/2024 1429   R13 634.75:635.31 M77 1 1 Ej.2 1429 07/11/2024 07/11/2024 Libros

Contacto

Biblioteca Julio Cortázar. Escuela Agrotécnica "Libertador San Martín". Universidad Nacional de Rosario
Dirección: Ov. Lagos 1000 - 2170 Casilda - Santa Fe - Argentina
Tel: (54) (03464) 422226.
Fax: (54) (03464) 427789.
E-Mail: biblio-eac@unr.edu.ar